| 000 | 00518nam a2200145 a 4500 | ||
|---|---|---|---|
| 001 | 000021042 | ||
| 005 | 20200930011221.0 | ||
| 008 | 100830s1982 dr a 001 0 spa d | ||
| 040 | 1 |
_aDO-SdBNP _bspa _cBNPHU |
|
| 082 |
_axxxxx _bD637e |
||
| 245 | 0 | 0 | _aDocumento estadístico del mercado del petróleo y sus derivados en la República Dominicana, 1973-1980 /. |
| 260 |
_aSanto Domingo : _bSecretaría Ejecutiva de la Comisión de Política Energética _fAlfa y Omega _c1982. |
||
| 300 |
_a88 p. ; _c25 cm. |
||
| 049 | _aBNPD | ||
| 999 |
_c20545 _d20545 |
||